| 000 | 00549nam a2200169Ia 4500 | ||
|---|---|---|---|
| 008 | 090201s9999 xx 000 0 und d | ||
| 010 | _aKPL-48859 | ||
| 040 | _bमराठी | ||
| 041 | _aमराठी | ||
| 082 |
_a12129 _b48859 |
||
| 100 | _aजि. आ. नाईक | ||
| 245 |
_aजागमिक घडामोडी 1990 _cजि. आ. नाईक |
||
| 260 |
_c2004 _bमॅजेस्टिक प्रकाशन |
||
| 300 |
_a212 _bमोठा |
||
| 600 | _aजागमिक घडामोडी 1990 | ||
| 942 | _cBOOK | ||
| 999 |
_c212493 _d212493 |
||